000 00407nam a22001217a 4500
005 20260629133908.0
100 _aNimrah Manzoor
_a21-MEEE-09
_aSupervisor - Dr. Abdul Rehman Jatoi
_91038
245 _aReduction of Turbidity From Synthetic Water Using Natural Seeds (Thesis ME)
260 _aNawabshah
_bQUEST
_c2025
300 _a80p.
700 _aDepartment of Environment Engineering
_91039
942 _cTHESIS
999 _c69094
_d69091